Fundamentals of Internal combustion engines / (Record no. 1345)
[ view plain ]
| 000 -LEADER | |
|---|---|
| fixed length control field | 00398cam a2200157ua 4500 |
| 082 ## - DEWEY DECIMAL CLASSIFICATION NUMBER | |
| Classification number | 621.43 |
| Item number | GIL/FU |
| 100 ## - MAIN ENTRY--AUTHOR NAME | |
| Personal name | Gill, Paul.W . |
| 245 ## - TITLE STATEMENT | |
| Title | Fundamentals of Internal combustion engines / |
| 250 ## - EDITION STATEMENT | |
| Edition statement | 4 / |
| 260 ## - PUBLICATION, DISTRIBUTION, ETC. (IMPRINT) | |
| Place of publication | : |
| Name of publisher | Oxford & IBH Publishing company , |
| Year of publication | 1954. |
| 300 ## - PHYSICAL DESCRIPTION | |
| Number of Pages | 252 ; . |
| 500 ## - GENERAL NOTE | |
| General note | * CSS |
| 700 1# - ADDED ENTRY--PERSONAL NAME | |
| Personal name | Smith, James.H . |
| 700 1# - ADDED ENTRY--PERSONAL NAME | |
| Personal name | Ziurys, Eugene.J . |
| 942 ## - ADDED ENTRY ELEMENTS (KOHA) | |
| Koha item type | Books |
| Withdrawn status | Lost status | Damaged status | Home library | Current library | Date acquired | Full call number | Accession Number | Koha item type | Collection code | Shelving location |
|---|---|---|---|---|---|---|---|---|---|---|
| KAUAET | KAUAET | 07/04/2012 | 621.43 | 19259 | Books | |||||
| KAUAET | KAUAET | 19/08/1986 | 621.43 | 15355 | Books | |||||
| Withdrawn | KAUAET | KAUAET | 07/04/2012 | 621.43 | 16742 | Books | ||||
| KAUAET | KAUAET | 07/04/2012 | 621.43 | 19040 | Books | |||||
| KAUAET | KAUAET | 07/04/2012 | 621.43 | 20043 | Books | |||||
| KAUAET | KAUAET | 07/04/2012 | 621.43 | 12359 | Books | |||||
| KAUAET | KAUAET | 31/03/2012 | 621.43 GIL/FU | 22520 | Books | Non-fiction | General Stacks | |||
| KAUAET | KAUAET | 31/03/2012 | 621.43 GIL/FU | 22521 | Books | Non-fiction | General Stacks | |||
| KAUAET | KAUAET | 31/03/2012 | 621.43 GIL/FU | 22522 | Books | Non-fiction | General Stacks | |||
| KAUAET | KAUAET | 31/03/2012 | 621.43 GIL/FU | 22523 | Books | Non-fiction | General Stacks | |||
| KAUAET | KAUAET | 31/03/2012 | 621.43 GIL/FU | 22524 | Books | Non-fiction | General Stacks | |||
| KAUAET | KAUAET | 31/03/2012 | 621.43 GIL/FU | 22525 | Books | Non-fiction | General Stacks | |||
| KAUAET | KAUAET | 31/03/2012 | 621.43 GIL/FU | 22526 | Books | Non-fiction | General Stacks | |||
| KAUAET | KAUAET | 31/03/2012 | 621.43 GIL/FU | 22527 | Books | Non-fiction | General Stacks | |||
| KAUAET | KAUAET | 31/03/2012 | 621.43 GIL/FU | 22528 | Books | Non-fiction | General Stacks | |||
| KAUAET | KAUAET | 31/03/2012 | 621.43 GIL/FU | 22529 | Books | Non-fiction | General Stacks | |||
| KAUAET | KAUAET | 07/09/2018 | 621.43 GIL/FU | 18292 | Book Bank scheme for SC students | Scheme |
